Lucha campesina en Costa Rica: no hay paz sin alimentos /
保存先:
| 共著者: | , |
|---|---|
| フォーマット: | テキスト |
| 出版事項: |
San José:
CENAP. CEPAS. Justicia y paz. Extensión ESEUNA
|
| タグ: |
タグ追加
タグなし, このレコードへの初めてのタグを付けませんか!
|
MARC
| LEADER | 00000 a a2200000 04500 | ||
|---|---|---|---|
| 001 | 20964 | ||
| 003 | |||
| 040 | |||
| 090 | |a 090000 | ||
| 110 | |a CENDAP | ||
| 245 | |a Lucha campesina en Costa Rica: no hay paz sin alimentos / |c CENDAP | ||
| 260 | |a San José: |b CENAP. CEPAS. Justicia y paz. Extensión ESEUNA | ||
| 300 | |a 75 p. | ||
| 710 | |a CEPAS |a Justicia y paz |a Extensión ESEUNA | ||
| 999 | |c 13027 |d 13027 | ||
